000 00445nam a22001697a 4500
999 _c6041
_d6041
003 GBCCL
005 20241126110554.0
008 180423b ||||| |||| 00| 0 eng d
040 _cgbc
082 _a233.14
_bMCG
100 _aMcGee, J. Vernon
_910893
245 _aThe unpardonable sin /
_cJ. Vernon McGee
260 _aWhittier:
_bWalker-Smith Inc.,
_c1966
300 _a21 p.;
_c19 cm.
650 _aSin, Impardonable
_910894
942 _2ddc
_cBK